44 công thức luyện nói tiếng Anh chuẩn mực : hướng dẫn ngữ điệu TA
Trình bày 44 công thức luyện nói trong từng trường hợp và được liệt kê dưới dạng công thức; trình bày song ngữ; có bài tập áp dụng.
Đã lưu trong:
| Tác giả chính: | |
|---|---|
| Định dạng: | Sách |
| Năm xuất bản: |
ĐN.
|
| Phiên bản: | 1999 |
| Chủ đề: | |
| Tags: |
Thêm thẻ
Không có thẻ, Hãy là người đầu tiên gắn thẻ bản ghi này!
|
| LEADER | 00800nam a2200181 4500 | ||
|---|---|---|---|
| 999 | |c 4653 |d 4653 | ||
| 082 | |a 428.3 |b NG527IT | ||
| 100 | |a Nguyễn Hữu Dự | ||
| 245 | |a 44 công thức luyện nói tiếng Anh chuẩn mực : hướng dẫn ngữ điệu TA |c Nguyễn Hữu Dự | ||
| 250 | |a 1999 | ||
| 260 | |a ĐN. | ||
| 300 | |a 150 tr. |c 20 cm | ||
| 520 | |a Trình bày 44 công thức luyện nói trong từng trường hợp và được liệt kê dưới dạng công thức; trình bày song ngữ; có bài tập áp dụng. | ||
| 653 | |a Ngôn ngữ | ||
| 653 | |a Tiếng Anh | ||
| 653 | |a Kỹ năng nói | ||
| 942 | |2 ddc |c SH | ||
| 952 | |0 0 |1 0 |2 ddc |4 0 |6 428_300000000000000_NG527IT |7 0 |8 400 |9 44422 |a qbu |b qbu |c D4 |d 2014-12-20 |g 14000 |o 428.3 NG527IT |p 2858.c1 |w 2014-12-20 |y SH |0 0 |6 428_300000000000000_NG527IT | ||